Pau, Béarn, Pyrénées

Saved in:
Bibliografiske detaljer
Format: Bog
Sprog:fransk
Udgivet: París Syndicat d'initiative de Pau du Bearn et the Pyrenees 1900
Fag:
Tags: Tilføj Tag
Ingen Tags, Vær først til at tagge denne postø!

MARC

LEADER 00000nam a2200000 a 4500
001 UCY4300
003 CL-VaPUC
008 950308e19000000FR |||||||||||||||||fre|d
082 0 4 |a 914.479  |b PAU  |2 21 
245 1 0 |a Pau, Béarn, Pyrénées 
300 |a 69 p 
942 |c BK 
945 |d 19950308 00:00:00  |a mfernand 
260 |a París  |b Syndicat d'initiative de Pau du Bearn et the Pyrenees  |c 1900 
650 0 |a Fotografía de paisajes   |9 327778 
650 7 |a GEOGRAFIA FRANCESA  |2 CL-VaPUC  |9 332717 
650 0 |a Monumentos  |9 265246 
650 0 |a Turismo  |9 308920 
651 0 |a Francia  |9 255157 
651 7 |a PAU  |2 CL-VaPUC  |9 332718 
651 7 |a BEARN  |2 CL-VaPUC  |9 332719 
651 7 |a PIRINEOS  |2 CL-VaPUC  |9 332720 
583 |a last modification  |c 19950308 00:00:00  |k Rodrigo Vera 
999 |c 232200  |d 232198 
952 |0 0  |1 0  |4 0  |6 914_479000000000000_PAU_1900  |7 0  |8 P  |9 236294  |a BIBARQ  |b BIBARQ  |d 2019-11-15  |i 3061884  |o 914.479 PAU 1900  |p 3061884  |r 2025-01-20  |w 2019-11-15  |y BK  |k ARQ